Pressupostos 2014 : Diputació de Barcelona Diputació de Barcelona
Publicado:
Barcelona :
Diputació de Barcelona. Àrea d'Hisenda, Recursos Interns i Noves Tecnologies ,
2013
Descripción Física:
339 p. ; 29 cm
MARC
| LEADER | 00000nam a2200000Ia 4500 | ||
|---|---|---|---|
| 001 | 23727 | ||
| 008 | 160829s2013 xx 000 0 cat d | ||
| 080 | |a Bib-23 | ||
| 245 | |a Pressupostos 2014 : |b Diputació de Barcelona | ||
| 260 | |a Barcelona : |b Diputació de Barcelona. Àrea d'Hisenda, Recursos Interns i Noves Tecnologies, |c 2013 | ||
| 300 | |a 339 p. ; |c 29 cm | ||
| 650 | |a Pressupostos |x 2014 |x Barcelona (Província) | ||
| 710 | 1 | |a Barcelona (Catalunya : Província). |b Àrea d'Hisenda, Recursos Interns i Noves Tecnologies |9 54977 | |
| 901 | |a Arxiu | ||
| 942 | |n 1 | ||
| 952 | |0 0 |1 0 |4 0 |6 BIB23 |7 1 |9 55937 |a Arxiu |b Arxiu |d 2016-12-01 |l 0 |o Bib-23 |p 23727 |r 2016-12-01 00:00:00 |w 2016-12-01 |y ARXIU | ||
| 999 | |c 59810 |d 59810 | ||